Score 0/24 Timer 03:00
0 Plays Today
Song Answer % Correct
God _____ KnowsOnly
96.1%
_____ Dreamin'California
93.5%
Barbara _____Ann
93.4%
_____ My RoomIn
91.4%
_____ It Be NiceWouldn't
90.5%
Good _____Vibrations
89.6%
Help Me, _____Rhonda
88.7%
Do You Wanna _____?Dance
88.3%
California _____Girls
87.9%
Don't Worry _____Baby
86.5%
Surfin' _____USA
86.2%
Be _____ To Your SchoolTrue
83.3%
Song Answer % Correct
_____ Deuce CoupeLittle
83.1%
Little Saint _____Nick
81.6%
_____ And VillainsHeroes
80.4%
Sloop _____ B.John
78.2%
_____ Me BabyKiss
71.1%
_____ Summer DreamYour
70.3%
Surfin' _____Safari
67%
_____ SoundsPet
58.4%
County _____Fair
54.6%
_____ Time Is Here AgainX-mas
49%
Rock 'N' Roll _____Music
31.3%
_____ HarmonyEndless
11.7%

Today's Daily Dose

Remove Ads.
Support Sporcle.
Get the best of Sporcle when you Go Orange. This ad-free experience offers more features, more stats, and more fun while also helping to support Sporcle. Thank you for becoming a member.

You're not logged in!

Compare scores with friends on all Sporcle quizzes.
OR
Log In

Show Comments

Extras

Top Quizzes Today


Score Distribution

Your Account Isn't Verified!

In order to create a playlist on Sporcle, you need to verify the email address you used during registration. Go to your Sporcle Settings to finish the process.

Report this User

Report this user for behavior that violates our Community Guidelines.

Details: